Music for Voices (Запис номер 524068)
[ съкратено ]
| 000 -Лидер | |
|---|---|
| Лидер | 00999njm a2200277 a 4500 |
| 003 - Код на организацията, давaща контролен номер | |
| Код на организацията, даваща контролен номер | BLK |
| 005 - Дата и час на последна редакция | |
| Дата и час на последна редакция | 20241219092849.0 |
| 007 - Фиксирано поле за физическо описани | |
| Физическо описание | sd bmmalaaahaa |
| 008 - Елементи от данни с фиксирана дължина | |
| Елементи с фиксирана дължина | 221104b bu |||||s|||| 00| | bu d |
| 028 ## - PUBLISHER NUMBER | |
| Издателски номер | zk 74-75 |
| 040 ## - Източник на каталожния запис | |
| Код на библиотеката | BLK |
| 041 ## - Код за език | |
| Език на записа | Английски |
| Език за КДБФ | Английски |
| 080 ## - УДК | |
| УДК текст | Концерт за цигулка, пиано и оркестър |
| УДК код | 785.6:787.1:786.2 |
| УДК – определител | (086.72) |
| УДК – код + определител | 785.6:787.1:786.2(086.72) |
| 100 1# - Редна дума - Автор | |
| R(LIN) | 13232 |
| Автор | Holst, Gustav |
| 245 ## - Сведения за заглавието | |
| Заглавие | Music for Voices |
| Авторска отговорност | Gustav Holst; English chamber orchestra; cond. Imogen Holst |
| 260 ## - Област на издателските данни | |
| Място на издаване | London |
| Име на издателя | Argo Record |
| Година на издаване | 1979 |
| 9 (RLIN) | 496567 |
| 300 ## - Физическа характеристика | |
| Брой страници | 2 грамофонни плочи |
| Илюстрации | 33 об/мин, ; стерео |
| Размер | 30 см |
| 380 ## - Жанр | |
| Жанр | Изкуство |
| 500 ## - Общи забележки | |
| Обща забележка | Плоча 1<br/>Two Carols |
| 500 ## - Общи забележки | |
| Обща забележка | Плоча 2<br/>Twelve Songs, OP 43 |
| 653 ## - Ключова дума – ненормативна | |
| 9 (RLIN) | 187699 |
| Ключови думи | инструментална музика |
| 852 ## - Местоположение | |
| Сигнатура (форматна) | Ф ІІ 8478 |
| Отдел | Хранилище |
| 856 ## - Електронен адрес и достъп | |
| Инструкция (цена за достъп) | 0.00 |
| Права за достъп | disable |
| 942 ## - АРТИКУЛИ | |
| Вид на библиотечния документ | Грамофонни плочи |
| Скрит в OPAC | Не |
| 944 ## - СЪЗДАВАНЕ И РЕДАКЦИЯ на ЗАПИСА | |
| Дата на регистрацията/редакция | Вася Ганчева |
| Статус, дата на статуса | Вася Ганчева |
| Служител, извършил регистрацията/редакцията | 30549 |
| Създаване/Редакция | |
| 999 ## - СИСТЕМНИ КОНТРОЛНИ НОМЕРА | |
| Koha biblionumber | 524068 |
| Koha biblioitemnumber | 524068 |
| Код за отписване | Код за изгубен артикул | Източник на класификационната схема | Код за повреда | Код за отдаване | Артикулен № | Име на библиотеката - собственик | Име на библиотеката, в която се намира в момента | Статус (Текущо местоположение) | Дата на вписване в системата | Местоположение - отдел | Цена в лева | Номерация (Хронология) | Инвентарен номер | Систематично азбучна сигнатура | Баркод | Цена в евро | Служебен тип на артикула |
|---|---|---|---|---|---|---|---|---|---|---|---|---|---|---|---|---|---|
| Не е изгубен | Universal Decimal Classification | Не е повреден | ползва се в читалня | 956523 | Регионална библиотека "Любен Каравелов" Русе | Регионална библиотека "Любен Каравелов" Русе | Хранилище | 2024-12-19 | Основен фонд - ползва се само за читалня | 3.00 | Плоча 1 | 20429 | Ф ІІ 8478 | 900000111847 | 1.53 | Грамофонни плочи | |
| Не е изгубен | Universal Decimal Classification | Не е повреден | ползва се в читалня | 956524 | Регионална библиотека "Любен Каравелов" Русе | Регионална библиотека "Любен Каравелов" Русе | Хранилище | 2024-12-19 | Основен фонд - ползва се само за читалня | 3.00 | Плоча 2 | 20430 | Ф ІІ 8478 | 900000111848 | 1.53 | Грамофонни плочи |